Indian Contract ACT 1872 Vol 1 (Record no. 232279)
[ view plain ]
| 000 -LEADER | |
|---|---|
| fixed length control field | 00681nam a22002417a 4500 |
| 005 - DATE AND TIME OF LATEST TRANSACTION | |
| control field | 20241207121722.0 |
| 008 - FIXED-LENGTH DATA ELEMENTS--GENERAL INFORMATION | |
| fixed length control field | 241207b ||||| |||| 00| 0 eng d |
| 020 ## - INTERNATIONAL STANDARD BOOK NUMBER | |
| International Standard Book Number | 9789388918400 |
| 040 ## - CATALOGING SOURCE | |
| Transcribing agency | AL |
| 041 ## - LANGUAGE CODE | |
| Language code of text/sound track or separate title | eng |
| 082 ## - DEWEY DECIMAL CLASSIFICATION NUMBER | |
| Edition number | 23 |
| Classification number | 346.02254 |
| Item number | MULI |
| 100 ## - MAIN ENTRY--PERSONAL NAME | |
| Personal name | Mulla |
| 100 ## - MAIN ENTRY--PERSONAL NAME | |
| 9 (RLIN) | 188671 |
| 245 ## - TITLE STATEMENT | |
| Title | Indian Contract ACT 1872 Vol 1 |
| 260 ## - PUBLICATION, DISTRIBUTION, ETC. | |
| Place of publication, distribution, etc. | Delhi |
| Name of publisher, distributor, etc. | Delhi Law House |
| Date of publication, distribution, etc. | 2024 |
| 300 ## - PHYSICAL DESCRIPTION | |
| Extent | ccx,1012p. |
| Other physical details | HB |
| Dimensions | 25x17cm |
| 365 ## - TRADE PRICE | |
| Source of price type code | Law |
| Price type code | 1060 |
| Price amount | 1896.175 |
| Currency code | ₹ |
| Unit of pricing | 2597.50 |
| Price note | ₹ |
| Price effective from | 28-11-2024 |
| 440 ## - SERIES STATEMENT/ADDED ENTRY--TITLE | |
| Number of part/section of a work | Vol 1 |
| 9 (RLIN) | 188649 |
| 650 ## - SUBJECT ADDED ENTRY--TOPICAL TERM | |
| Topical term or geographic name entry element | Communication |
| 9 (RLIN) | 188639 |
| 650 ## - SUBJECT ADDED ENTRY--TOPICAL TERM | |
| Topical term or geographic name entry element | Contingent Contracts |
| 9 (RLIN) | 188640 |
| 700 ## - ADDED ENTRY--PERSONAL NAME | |
| Personal name | MULLA |
| 9 (RLIN) | 188641 |
| 700 ## - ADDED ENTRY--PERSONAL NAME | |
| Personal name | SHAIK (Rasheed) |
| 9 (RLIN) | 188662 |
| 942 ## - ADDED ENTRY ELEMENTS (KOHA) | |
| Source of classification or shelving scheme | Dewey Decimal Classification |
| Koha item type | Reference |
| Withdrawn status | Lost status | Source of classification or shelving scheme | Damaged status | Not for loan | Collection code | Home library | Current library | Date acquired | Source of acquisition | Cost, normal purchase price | Total Checkouts | Full call number | Barcode | Date last seen | Cost, replacement price | Price effective from | Koha item type |
|---|---|---|---|---|---|---|---|---|---|---|---|---|---|---|---|---|---|
| Dewey Decimal Classification | Reference Book | Law | St Aloysius Law Library | St Aloysius Law Library | 12/05/2024 | MPP House Law Books Publishers Bengaluru-560009 | 1896.18 | 346.02254 MULI | LL000917 | 12/07/2024 | 2597.50 | 12/07/2024 | Reference |